000 01224nam2a22002531 4500
001 RU\NLR\INFOCOMM17\1000417314
005 20250617065908.0
035 _a(NLR Aleph) 002537465
090 _a2903845
_c2903845
100 _a20040511d1857 |||y0rusy50 ca
101 0 _arus
102 _aRU
105 _ay |||||||||
200 0 _a1857, Кн.1/2
210 _d1857
_aБ. м.
421 1 _12001#$aПатология и терапия или руководство к медицинской клинике$hТ.4
_1210##$aМ.$d1857
_1215##$aс.VI, 113-824$cилл.
_1309##$aПрипл.
_tПатология и терапия или руководство к медицинской клинике
461 0 _1001RU\NLR\INFOCOMM17\1000417277
_12001#$aМосковский врачебный журнал, издаваемый практическими врачами$v1857, Кн.1/2
_92903775
_cМ.
_d1847-1858
_nА.Е. Эвениус
_tМосковский врачебный журнал, издаваемый практическими врачами
_v1857, Кн.1/2
801 1 _aRU
_bInfoComm
_c20040511
801 0 _aRU
_bNLR
_gPSBO
852 _aNLR
_j3/1834
942 _cISSUE
980 _aNB
980 _aRUSPER